[Event "Vienna Advent op"]
[Site "Vienna"]
[Date "2024.12.14"]
[Round "6"]
[White "Wallner, Joachim"]
[Black "Stinner, David"]
[Result "1/2-1/2"]
[WhiteElo "2246"]
[BlackElo "2007"]
[PlyCount "106"]
[EventDate "2024.12.09"]
[EventType "swiss"]
[EventRounds "7"]
[EventCountry "AUT"]
[SourceTitle "CB04_2025"]
[SourceDate "2025.01.22"]
[SourceVersion "1"]
[SourceVersionDate "2025.01.22"]
[SourceQuality "1"]

1. Nf3 d5 2. d4 Nf6 3. c4 e6 4. Nc3 c6 5. Bg5 Nbd7 6. e3 Qa5 7. cxd5 Nxd5 8. Qb3 h6 9. Bh4 N7b6 10. Nd2 Bb4 11. Rc1 Nxc3 12. bxc3 Ba3 13. Rb1 0-0 14. Bg3 Be7 15. Bc7 Qa4 16. Qxa4 Nxa4 17. c4 b6 18. Bd3 Bd7 19. 0-0 Rac8 20. Be5 f6 21. Bg3 Rfd8 22. c5 b5 23. Nb3 Be8 24. Rfc1 Rd7 25. Be4 Bd8 26. Kf1 Rf7 27. Ke2 Bc7 28. Bxc7 Rfxc7 29. Na5 Rd8 30. f4 g5 31. g3 Kg7 32. Rb4 e5 33. fxe5 fxe5 34. dxe5 Re7 35. Nxc6 Bxc6 36. Bxc6 a6 37. Rd4 Rc8 38. Rd6 Rxe5 39. Bb7 Rce8 40. c6 Rxe3+ 41. Kf1 Rf8+ 42. Kg1 Nc3 43. Rd7+ Kg6 44. Rd2 Ne2+ 45. Rxe2 Rxe2 46. c7 Rxa2 47. Rc6+ Kg7 48. Bxa6 Rxa6 49. Rxa6 Rc8 50. Rc6 b4 51. Kf2 b3 52. Kf3 b2 53. Rb6 Re8 1/2-1/2

[Event "Wch Seniors 50 32nd"]
[Site "Porto Santo"]
[Date "2024.11.18"]
[Round "2"]
[White "Wallner, Joachim"]
[Black "Chatalbashev, Boris"]
[Result "0-1"]
[WhiteElo "2257"]
[BlackElo "2476"]
[PlyCount "179"]
[EventDate "2024.11.17"]
[EventType "swiss"]
[EventRounds "11"]
[EventCountry "POR"]
[SourceTitle "CB49_2024"]
[SourceDate "2024.12.04"]
[SourceVersion "1"]
[SourceVersionDate "2024.12.04"]
[SourceQuality "1"]

1. Nf3 c5 2. c4 Nc6 3. g3 g6 4. Bg2 Bg7 5. 0-0 e5 6. Nc3 Nge7 7. d3 0-0 8. Bd2 a6 9. Qc1 d6 10. Bh6 Rb8 11. Bxg7 Kxg7 12. Ne1 b5 13. Nc2 Be6 14. Nd5 bxc4 15. dxc4 Bxd5 16. cxd5 Nd4 17. Re1 Qb6 18. b3 Qb5 19. Qd2 Rfc8 20. Na3 Qb4 21. Qc1 Qb5 22. Qd2 Qb4 23. Qc1 Qb5 24. Qd2 Qb4 25. Qc1 c4 26. Nxc4 a5 27. e3 Nb5 28. a3 Qxb3 29. Nxa5 Rxc1 30. Nxb3 Rxe1+ 31. Rxe1 Nxa3 32. Nd2 Rb2 33. Nb3 Nb5 34. Nd2 Na3 35. Ne4 Nb5 36. Bf1 f5 37. Bxb5 fxe4 38. Bc4 Rd2 39. Rb1 Rb2 40. Re1 Rd2 41. Rb1 Rb2 42. Re1 Rd2 43. Rb1 Rb2 44. Re1 Rd2 45. Rb1 h5 46. Rb7 Kf6 47. Rb1 Kg7 48. Rb7 Kf6 49. Rb1 Kg7 50. Rb7 Kf6 51. Rb6 Nf5 52. h4 Rc2 53. Ba6 Rd2 54. Bc4 Rc2 55. Ba6 Rc5 56. Rb5 Rc1+ 57. Kg2 Rc2 58. Kf1 Rd2 59. Kg1 Rc2 60. Kf1 Rd2 61. Kg1 Rc2 62. Kf1 Rc5 63. Kg1 Rc1+ 64. Kg2 Rc2 65. Kf1 Rc5 66. Kg1 Rc1+ 67. Kg2 Rc2 68. Kf1 Rc1+ 69. Ke2 Rc5 70. Kf1 Rc1+ 71. Ke2 Rc2+ 72. Kf1 Rc1+ 73. Ke2 Rc2+ 74. Ke1 Rc5 75. Kf1 Rc1+ 76. Ke2 Rc2+ 77. Kf1 Rc1+ 78. Ke2 Rc2+ 79. Kf1 Rc1+ 80. Ke2 Rc2+ 81. Kf1 Rc1+ 82. Ke2 Rc2+ 83. Ke1 g5 84. hxg5+ Kxg5 85. Rb4 h4 86. gxh4+ Nxh4 87. Rxe4 Nf3+ 88. Kd1 Rd2+ 89. Kc1 Rxf2 90. Bc8 0-1

[Event "EU-chT Seniors 50"]
[Site "Terme Catez"]
[Date "2024.05.11"]
[Round "5.1"]
[White "Pein, Malcolm"]
[Black "Wallner, Joachim"]
[Result "1/2-1/2"]
[WhiteElo "2272"]
[BlackElo "2256"]
[PlyCount "112"]
[EventDate "2024.05.07"]
[EventType "team-swiss"]
[EventRounds "9"]
[EventCountry "SLO"]
[SourceTitle "CBM 220 Extra"]
[Source "ChessBase"]
[SourceDate "2024.07.31"]
[SourceVersion "1"]
[SourceVersionDate "2024.07.31"]
[SourceQuality "1"]
[WhiteTeam "England 50 II"]
[BlackTeam "Austria 50"]
[WhiteTeamCountry "ENG"]
[BlackTeamCountry "AUT"]

1. d4 d5 2. c4 c6 3. Nf3 Nf6 4. Nc3 a6 5. c5 Nbd7 6. Bf4 Nh5 7. Bd2 Nhf6 8. Bf4 Nh5 9. Bd2 Nhf6 10. Qc2 g6 11. Bg5 Bg7 12. h3 0-0 13. e3 Re8 14. Be2 e5 15. 0-0 e4 16. Nh2 h6 17. Bh4 Nf8 18. Na4 Bf5 19. Nb6 Ra7 20. b4 g5 21. Bg3 Bg6 22. a4 N6d7 23. b5 axb5 24. Nxd7 Qxd7 25. axb5 Rea8 26. Rxa7 Rxa7 27. Rb1 f5 28. Bd6 Ne6 29. bxc6 bxc6 30. Rb8+ Kh7 31. Qb2 Nd8 32. Qb6 Nf7 33. Bg3 h5 34. h4 f4 35. exf4 g4 36. Ba6 Nh6 37. Bc8 Qe7 38. f5 Bxf5 39. Nf1 Bxd4 40. Qxc6 Qxc5 41. Bxf5+ Nxf5 42. Qe8 Ng7 43. Qg8+ Kg6 44. Rd8 Rf7 45. Ne3 Bxe3 46. fxe3 Qxe3+ 47. Kh2 Qc5 48. Be5 g3+ 49. Bxg3 d4 50. Rd6+ Rf6 51. Rd5 Qf8 52. Rg5+ Kh6 53. Qd5 Rg6 54. Rxg6+ Kxg6 55. Qxe4+ Nf5 56. Be5 Qe7 1/2-1/2

[Event "Bolzano op 19th"]
[Site "Bolzano"]
[Date "2024.02.04"]
[Round "4"]
[White "Wallner, Joachim"]
[Black "Von Reppert, Marc"]
[Result "1-0"]
[WhiteElo "2255"]
[BlackElo "1933"]
[PlyCount "89"]
[EventDate "2024.02.02"]
[EventType "swiss"]
[EventRounds "5"]
[EventCountry "ITA"]
[SourceTitle "CBM 218 Extra"]
[Source "ChessBase"]
[SourceDate "2024.03.31"]
[SourceVersion "1"]
[SourceVersionDate "2024.03.31"]
[SourceQuality "1"]

1. Nf3 e6 2. g3 b6 3. Bg2 Bb7 4. c4 f5 5. Nc3 Bb4 6. Qb3 Bxc3 7. Qxc3 Nf6 8. 0-0 0-0 9. b4 a5 10. b5 d6 11. Bb2 Qe7 12. Nd4 Bxg2 13. Kxg2 Nbd7 14. d3 Nc5 15. Ba3 Nfd7 16. f4 Qf6 17. e3 Rae8 18. Rae1 Qg6 19. Nf3 Qf6 20. Qc2 e5 21. fxe5 Nxe5 22. Nxe5 Qxe5 23. Rf3 Qe6 24. Bb2 Qg6 25. Ref1 Re7 26. e4 Ref7 27. e5 f4 28. exd6 cxd6 29. Qe2 Qe6 30. Qxe6 Nxe6 31. Ba3 g5 32. gxf4 Nxf4+ 33. Kg3 Ne2+ 34. Kg2 Nf4+ 35. Kh1 Nxd3 36. Rxf7 Rxf7 37. Rxf7 Kxf7 38. Bxd6 Ke6 39. Bc7 Nb2 40. c5 bxc5 41. b6 Kd7 42. Be5 Kc6 43. Bxb2 Kxb6 44. a4 c4 45. Bc3 1-0

[Event "Bolzano op 19th"]
[Site "Bolzano"]
[Date "2024.02.03"]
[Round "2"]
[White "Wallner, Joachim"]
[Black "Lenhardt, Manfred"]
[Result "1-0"]
[WhiteElo "2255"]
[BlackElo "1983"]
[PlyCount "57"]
[EventDate "2024.02.02"]
[EventType "swiss"]
[EventRounds "5"]
[EventCountry "ITA"]
[SourceTitle "CBM 218 Extra"]
[Source "ChessBase"]
[SourceDate "2024.03.31"]
[SourceVersion "1"]
[SourceVersionDate "2024.03.31"]
[SourceQuality "1"]

1. e4 e6 2. d4 d5 3. Nd2 c5 4. Ngf3 cxd4 5. exd5 Qxd5 6. Bc4 Qd8 7. Bf1 Qd5 8. Bc4 Qd6 9. 0-0 Nc6 10. Nb3 Nf6 11. Nbxd4 Nxd4 12. Nxd4 a6 13. Re1 Be7 14. c3 0-0 15. Qf3 Bd7 16. Bf4 Qc5 17. Bb3 Bd6 18. Bxd6 Qxd6 19. Qxb7 e5 20. Nc2 Rab8 21. Qf3 Bc6 22. Qf5 Rbe8 23. Rad1 Qb8 24. Rd3 Qb7 25. Rg3 Ne4 26. Rg4 Nc5 27. Rxe5 Nxb3 28. Rxg7+ Kh8 29. Qxh7# 1-0

[Event "AUT-chT2O 2324"]
[Site "Austria"]
[Date "2024.01.28"]
[Round "7.4"]
[White "Wallner, Joachim"]
[Black "Pernerstorfer, Max"]
[Result "1-0"]
[WhiteElo "2261"]
[BlackElo "2078"]
[PlyCount "35"]
[EventDate "2023.10.13"]
[EventType "team-tourn"]
[EventRounds "11"]
[EventCountry "AUT"]
[SourceTitle "EXT 2025"]
[Source "ChessBase"]
[SourceDate "2024.10.14"]
[SourceVersion "1"]
[SourceVersionDate "2024.10.14"]
[SourceQuality "1"]
[WhiteTeam "Oggau Union"]
[BlackTeam "Krems Voest"]
[WhiteTeamCountry "AUT"]
[BlackTeamCountry "AUT"]

1. e4 e5 2. Nf3 Nc6 3. Bb5 f5 4. Nc3 fxe4 5. Nxe4 Nf6 6. d3 d5 7. Nc3 Bd6 8. Bg5 Be6 9. d4 e4 10. Ne5 0-0 11. Nxc6 bxc6 12. Bxc6 Rb8 13. Bxd5 Bxd5 14. Nxd5 Rxb2 15. Nxf6+ gxf6 16. Bh6 Bb4+ 17. Kf1 Rf7 18. Bc1 1-0

[Event "EU-chT Seniors 50"]
[Site "Dresden"]
[Date "2022.11.01"]
[Round "6.1"]
[White "Wallner, Joachim"]
[Black "Hebden, Mark"]
[Result "0-1"]
[WhiteElo "2271"]
[BlackElo "2434"]
[PlyCount "68"]
[EventDate "2022.10.27"]
[EventType "team-swiss"]
[EventRounds "9"]
[EventCountry "GER"]
[SourceTitle "EXT 2024"]
[Source "ChessBase"]
[SourceDate "2023.10.10"]
[SourceVersion "1"]
[SourceVersionDate "2023.10.10"]
[SourceQuality "1"]
[WhiteTeam "Austria 50"]
[BlackTeam "England 50"]
[WhiteTeamCountry "AUT"]
[BlackTeamCountry "ENG"]

1. Nf3 Nf6 2. c4 d6 3. g3 e5 4. Bg2 g6 5. Nc3 Bg7 6. 0-0 0-0 7. d3 Re8 8. Bd2 Nc6 9. Rb1 a5 10. a3 Nd4 11. b4 axb4 12. axb4 c6 13. b5 Bg4 14. e3 Nxf3+ 15. Bxf3 Bxf3 16. Qxf3 d5 17. bxc6 bxc6 18. cxd5 cxd5 19. Rb5 e4 20. Qe2 Qd7 21. Rfb1 Rad8 22. d4 h5 23. Na4 Qf5 24. Ba5 Ra8 25. Nb6 Ra7 26. Kg2 Kh7 27. h3 Bf8 28. Bb4 Bxb4 29. R1xb4 Kg7 30. Rb2 Rb8 31. f4 exf3+ 32. Qxf3 Qe6 33. Nxd5 Rxb5 34. Rxb5 Ra2+ 0-1

[Event "EU-chT Seniors 50"]
[Site "Dresden"]
[Date "2022.10.30"]
[Round "4.1"]
[White "Wallner, Joachim"]
[Black "Ftacnik, Lubomir"]
[Result "0-1"]
[WhiteElo "2271"]
[BlackElo "2462"]
[PlyCount "46"]
[EventDate "2022.10.27"]
[EventType "team-swiss"]
[EventRounds "9"]
[EventCountry "GER"]
[SourceTitle "EXT 2024"]
[Source "ChessBase"]
[SourceDate "2023.10.10"]
[SourceVersion "1"]
[SourceVersionDate "2023.10.10"]
[SourceQuality "1"]
[WhiteTeam "Austria 50"]
[BlackTeam "Slovakia 50"]
[WhiteTeamCountry "AUT"]
[BlackTeamCountry "SVK"]

1. Nf3 Nf6 2. c4 g6 3. g3 Bg7 4. Bg2 0-0 5. 0-0 d5 6. cxd5 Nxd5 7. Nc3 Nc6 8. d4 Nb6 9. e3 Re8 10. b3 e5 11. Nxe5 Nxe5 12. dxe5 Qxd1 13. Rxd1 Bxe5 14. Bb2 c6 15. Rd2 Bf5 16. Rad1 a5 17. h3 h5 18. Ne2 Bxb2 19. Rxb2 Bc8 20. Rd4 a4 21. b4 a3 22. Rc2 Be6 23. Nf4 Bb3 0-1

[Event "EU-chT Seniors 50"]
[Site "Dresden"]
[Date "2022.10.29"]
[Round "3.1"]
[White "Forchert, Martin"]
[Black "Wallner, Joachim"]
[Result "0-1"]
[WhiteElo "2308"]
[BlackElo "2271"]
[PlyCount "66"]
[EventDate "2022.10.27"]
[EventType "team-swiss"]
[EventRounds "9"]
[EventCountry "GER"]
[SourceTitle "EXT 2024"]
[Source "ChessBase"]
[SourceDate "2023.10.10"]
[SourceVersion "1"]
[SourceVersionDate "2023.10.10"]
[SourceQuality "1"]
[WhiteTeam "Bielefeld 50"]
[BlackTeam "Austria 50"]
[WhiteTeamCountry "GER"]
[BlackTeamCountry "AUT"]

1. e4 Nf6 2. e5 Nd5 3. d4 d6 4. c4 Nb6 5. exd6 exd6 6. Nc3 Be7 7. Bd3 Nc6 8. Nge2 0-0 9. 0-0 Bf6 10. h3 g6 11. Be3 Bg7 12. b3 Ne7 13. d5 Bf5 14. Bd4 Nd7 15. Bxg7 Kxg7 16. Nd4 Bxd3 17. Qxd3 Nc5 18. Qc2 a5 19. f4 Ng8 20. f5 Qh4 21. Ndb5 c6 22. Nxd6 Rad8 23. Nde4 Nxe4 24. Nxe4 cxd5 25. cxd5 Rxd5 26. fxg6 hxg6 27. Qc3+ f6 28. Rae1 Rf7 29. Kh2 b6 30. Kg1 Rfd7 31. g3 Qxh3 32. Nxf6 Rd3 33. Ne8+ Kh6 0-1

[Event "EU-chT Seniors 50"]
[Site "Dresden"]
[Date "2022.10.28"]
[Round "2.1"]
[White "Wallner, Joachim"]
[Black "Delaney, John Anthony"]
[Result "0-1"]
[WhiteElo "2271"]
[BlackElo "2191"]
[PlyCount "46"]
[EventDate "2022.10.27"]
[EventType "team-swiss"]
[EventRounds "9"]
[EventCountry "GER"]
[SourceTitle "EXT 2024"]
[Source "ChessBase"]
[SourceDate "2023.10.10"]
[SourceVersion "1"]
[SourceVersionDate "2023.10.10"]
[SourceQuality "1"]
[WhiteTeam "Austria 50"]
[BlackTeam "Ireland 50"]
[WhiteTeamCountry "AUT"]
[BlackTeamCountry "IRL"]

1. b3 e5 2. Bb2 Nc6 3. e3 d5 4. Bb5 Bd6 5. f4 Qh4+ 6. g3 Qe7 7. Nf3 f6 8. Nc3 Be6 9. Qe2 Nh6 10. 0-0-0 0-0 11. Bxc6 bxc6 12. h3 Nf5 13. Rhg1 e4 14. Ne1 Ba3 15. g4 Bxb2+ 16. Kxb2 Nd6 17. f5 Bd7 18. Ng2 a5 19. d4 Nc4+ 20. Ka1 Qa3 21. Rb1 a4 22. Qe1 axb3 23. cxb3 Qxa2+ 0-1

[Event "EU-chT Seniors 50"]
[Site "Dresden"]
[Date "2022.10.27"]
[Round "1.1"]
[White "Crocker, Philip J"]
[Black "Wallner, Joachim"]
[Result "0-1"]
[WhiteElo "2146"]
[BlackElo "2271"]
[PlyCount "82"]
[EventDate "2022.10.27"]
[EventType "team-swiss"]
[EventRounds "9"]
[EventCountry "GER"]
[SourceTitle "EXT 2024"]
[Source "ChessBase"]
[SourceDate "2023.10.10"]
[SourceVersion "1"]
[SourceVersionDate "2023.10.10"]
[SourceQuality "1"]
[WhiteTeam "England 50 III"]
[BlackTeam "Austria 50"]
[WhiteTeamCountry "ENG"]
[BlackTeamCountry "AUT"]

1. d4 d5 2. c4 c6 3. Nf3 Nf6 4. e3 Bg4 5. h3 Bh5 6. g4 Bg6 7. Ne5 e6 8. Nc3 Nbd7 9. Nxg6 hxg6 10. Qb3 Qb6 11. Bg2 g5 12. 0-0 Be7 13. Re1 0-0-0 14. c5 Qxb3 15. axb3 a6 16. f4 Ne4 17. Bxe4 dxe4 18. Kg2 f5 19. gxf5 exf5 20. b4 Nf8 21. Rf1 Ng6 22. Ne2 Nh4+ 23. Kg3 Rh5 24. Ng1 gxf4+ 25. Rxf4 g5 26. Rf1 Rdh8 27. Bd2 Bd8 28. Kf2 Bc7 29. Ke2 Bh2 30. Be1 f4 31. Bxh4 Rxh4 32. Ra3 f3+ 33. Kd2 R8h5 34. Raa1 Bxg1 35. Rxg1 Rxh3 36. Rg4 Rh2+ 37. Kc3 R2h4 38. Rgg1 f2 39. Rg2 Rh2 40. Rxh2 Rxh2 41. Rf1 g4 0-1

[Event "AUT-chT2M 2223"]
[Site "Austria"]
[Date "2022.10.01"]
[Round "2.6"]
[White "Zauner, Christoph"]
[Black "Wallner, Joachim"]
[Result "0-1"]
[WhiteElo "1966"]
[BlackElo "2271"]
[PlyCount "96"]
[EventDate "2022.09.30"]
[EventType "team-tourn"]
[EventRounds "11"]
[EventCountry "AUT"]
[SourceTitle "CBM 210 Extra"]
[Source "ChessBase"]
[SourceDate "2022.11.30"]
[SourceVersion "1"]
[SourceVersionDate "2022.11.30"]
[SourceQuality "1"]
[WhiteTeam "Sauwald"]
[BlackTeam "Pinggau Friedberg"]
[WhiteTeamCountry "AUT"]
[BlackTeamCountry "AUT"]

1. d4 d5 2. c4 c6 3. Nf3 Nf6 4. Nc3 a6 5. c5 Nbd7 6. Bf4 Nh5 7. Bd2 g6 8. e4 dxe4 9. Nxe4 Ndf6 10. Nxf6+ Nxf6 11. Bc4 Bg7 12. Qb3 0-0 13. 0-0 Nd5 14. Rfe1 Re8 15. Ne5 Ra7 16. Qf3 Be6 17. h4 Rf8 18. h5 Nc7 19. hxg6 Bxe5 20. gxh7+ Kh8 21. Bxe6 fxe6 22. Qe4 Bxd4 23. Be3 Bg7 24. Rad1 Nd5 25. Bd4 Rf7 26. Qxe6 Qf8 27. Re4 Ra8 28. Rg4 Nf6 29. Rh4 Rd8 30. Rd3 Nxh7 31. Bxg7+ Rxg7 32. Rf3 Qg8 33. Qh3 Qxa2 34. b3 Rdg8 35. g3 Qe2 36. Qf5 Rd8 37. Re3 Qd1+ 38. Kh2 Qd5 39. Re5 Qxb3 40. Re3 Qb2 41. Re6 Kg8 42. Rg6 Rf8 43. Rxg7+ Qxg7 44. Qe6+ Kh8 45. f4 Qb2+ 46. Kh3 Qf6 47. Qb3 Qf5+ 48. Kg2 Qd5+ 0-1

[Event "AUT-chT2M 2223"]
[Site "Austria"]
[Date "2022.09.30"]
[Round "1.4"]
[White "Wallner, Joachim"]
[Black "Theuretzbacher, Klaus"]
[Result "1-0"]
[WhiteElo "2271"]
[BlackElo "2125"]
[PlyCount "91"]
[EventDate "2022.09.30"]
[EventType "team-tourn"]
[EventRounds "11"]
[EventCountry "AUT"]
[SourceTitle "CBM 210 Extra"]
[Source "ChessBase"]
[SourceDate "2022.11.30"]
[SourceVersion "1"]
[SourceVersionDate "2022.11.30"]
[SourceQuality "1"]
[WhiteTeam "Pinggau Friedberg"]
[BlackTeam "St Valentin"]
[WhiteTeamCountry "AUT"]
[BlackTeamCountry "AUT"]

1. b3 d5 2. Bb2 Bf5 3. Nf3 Nf6 4. g3 e6 5. Bg2 h6 6. d3 Be7 7. 0-0 0-0 8. Nbd2 c6 9. Re1 Nbd7 10. e4 dxe4 11. dxe4 Bh7 12. Qe2 Nc5 13. Rad1 Qc7 14. Ne5 Rad8 15. f3 Nfd7 16. Ndc4 b5 17. Nxd7 Nxd7 18. Ne3 Nc5 19. Bf1 Rfe8 20. Ng4 h5 21. Nf2 h4 22. f4 Nd7 23. Bg2 Qa5 24. a3 c5 25. gxh4 Bxh4 26. Qg4 Bf6 27. e5 Bf5 28. Qg3 Be7 29. Be4 Bf8 30. Bxf5 exf5 31. Qh3 Re6 32. Qxf5 Nf6 33. Kf1 Nd5 34. Qe4 Ne7 35. f5 Rh6 36. f6 Ng6 37. e6 gxf6 38. exf7+ Kh7 39. Ng4 Rh4 40. Nxf6+ Kh6 41. Ng4+ Kh7 42. Bf6 Rxd1 43. Rxd1 Rxg4 44. Qxg4 Qa6 45. Qh5+ Bh6 46. Bg5 1-0

[Event "Pasching PlusCity op"]
[Site "Pasching"]
[Date "2022.06.17"]
[Round "4"]
[White "Wallner, Joachim"]
[Black "Baidetsky, Valentin"]
[Result "0-1"]
[WhiteElo "2271"]
[BlackElo "2443"]
[PlyCount "72"]
[EventDate "2022.06.17"]
[EventType "swiss (rapid)"]
[EventRounds "9"]
[EventCountry "AUT"]
[SourceTitle "EXT 2023"]
[Source "ChessBase"]
[SourceDate "2022.10.05"]
[SourceVersion "1"]
[SourceVersionDate "2022.10.05"]
[SourceQuality "1"]

1. e4 c6 2. d4 d5 3. e5 c5 4. dxc5 e6 5. Be3 Nd7 6. Bb5 Ne7 7. c3 Nf5 8. Bd4 a6 9. Ba4 Qc7 10. b4 Nxd4 11. cxd4 b5 12. Bb3 Nxe5 13. Nc3 Nc6 14. a3 Be7 15. Nf3 0-0 16. 0-0 Rb8 17. Qd3 Bf6 18. g3 Bd7 19. Rfe1 g6 20. Bc2 Kg7 21. Kg2 Bc8 22. h4 h5 23. Re2 Bd7 24. Rae1 a5 25. Nxb5 Rxb5 26. Qxb5 Nxd4 27. Qd3 Bb5 28. Qxd4 Bxd4 29. Nxd4 Bxe2 30. Rxe2 axb4 31. axb4 Rb8 32. Rxe6 Rxb4 33. Rc6 Qb7 34. Rb6 Rxb6 35. cxb6 Qxb6 36. Nf3 d4 0-1

[Event "Steyr Landesliga 2122"]
[Site "Austria"]
[Date "2022.01.15"]
[Round "3.3"]
[White "Wallner, Joachim"]
[Black "Rohler, Siegfried"]
[Result "1/2-1/2"]
[WhiteElo "2267"]
[BlackElo "2187"]
[PlyCount "62"]
[EventDate "2021.10.16"]
[EventType "team-tourn"]
[EventRounds "11"]
[EventCountry "AUT"]
[SourceTitle "EXT 2023"]
[Source "ChessBase"]
[SourceDate "2022.10.05"]
[SourceVersion "1"]
[SourceVersionDate "2022.10.05"]
[SourceQuality "1"]
[WhiteTeam "Pinggau Friedberg"]
[BlackTeam "Graz Styria"]
[WhiteTeamCountry "AUT"]
[BlackTeamCountry "AUT"]

1. e4 c6 2. d4 d5 3. e5 c5 4. dxc5 Nc6 5. Nf3 Bg4 6. c3 e6 7. Be3 Nge7 8. Nbd2 Nf5 9. Bd4 Nfxd4 10. cxd4 Qa5 11. Qb3 0-0-0 12. Bb5 Bxf3 13. Bxc6 bxc6 14. Qxf3 Be7 15. a3 f6 16. b4 Qb5 17. Qe2 Qxe2+ 18. Kxe2 fxe5 19. dxe5 Rhf8 20. g3 Rf5 21. f4 g5 22. Raf1 gxf4 23. gxf4 Rg8 24. Rhg1 Rxg1 25. Rxg1 Rxf4 26. Rg7 Kd8 27. Rxh7 a5 28. Ke3 Bg5 29. Nf3 Re4+ 30. Kf2 Be3+ 31. Kf1 axb4 1/2-1/2

[Event "Innsbruck op 5th"]
[Site "Innsbruck"]
[Date "2021.08.23"]
[Round "4"]
[White "Wallner, Joachim"]
[Black "Wong, Gengchun"]
[Result "1/2-1/2"]
[WhiteElo "2273"]
[BlackElo "2083"]
[PlyCount "82"]
[EventDate "2021.08.21"]
[EventType "swiss"]
[EventRounds "9"]
[EventCountry "AUT"]
[SourceTitle "CBM 204 Extra"]
[Source "ChessBase"]
[SourceDate "2021.11.30"]
[SourceVersion "1"]
[SourceVersionDate "2021.11.30"]
[SourceQuality "1"]

1. b3 e5 2. Bb2 Nc6 3. e3 g6 4. Bb5 Nge7 5. Nf3 Bg7 6. d4 e4 7. Nfd2 f5 8. Be2 d5 9. c4 f4 10. Nc3 fxe3 11. fxe3 Nf5 12. Nf1 Nce7 13. cxd5 Nxd5 14. Nxd5 Qxd5 15. Qc2 Nd6 16. Qxc7 Bd7 17. Bc4 Nxc4 18. bxc4 Qf7 19. Nd2 0-0 20. Rf1 Qe7 21. Rxf8+ Rxf8 22. 0-0-0 Bh6 23. Re1 Rf2 24. Qg3 Rxd2 25. Kxd2 Qb4+ 26. Kc1 Qxc4+ 27. Kb1 Be6 28. Qb8+ Bf8 29. Qxa7 Qd3+ 30. Ka1 Qd2 31. Rc1 Qxe3 32. Qxb7 Qd3 33. Qc6 Bf7 34. Qf6 Bd5 35. Qe5 Qb5 36. Rc5 Qf1+ 37. Bc1 Bc4 38. Rxc4 Qxc4 39. Bf4 Qc3+ 40. Kb1 Qd3+ 41. Ka1 Qc3+ 1/2-1/2

[Event "Steyr Landesliga 1920"]
[Site "Austria"]
[Date "2020.01.25"]
[Round "7.2"]
[White "Bauer, Thomas"]
[Black "Wallner, Joachim"]
[Result "0-1"]
[WhiteElo "2236"]
[BlackElo "2272"]
[PlyCount "66"]
[EventDate "2019.09.28"]
[EventType "team-tourn"]
[EventRounds "11"]
[EventCountry "AUT"]
[SourceTitle "CBM 195 Extra"]
[Source "ChessBase"]
[SourceDate "2020.05.31"]
[SourceVersion "1"]
[SourceVersionDate "2020.05.31"]
[SourceQuality "1"]
[WhiteTeam "Trofaiach Niklasdorf"]
[BlackTeam "Pinggau Friedberg"]
[WhiteTeamCountry "AUT"]
[BlackTeamCountry "AUT"]

1. e4 Nf6 2. e5 Nd5 3. d4 d6 4. Nf3 dxe5 5. Nxe5 c6 6. Be2 Bf5 7. 0-0 Nd7 8. Bg4 Bxg4 9. Nxg4 e6 10. c4 N5f6 11. Bg5 Be7 12. Ne3 Qb6 13. b3 0-0 14. Nc3 Qa5 15. Bxf6 Nxf6 16. Qc2 Rfd8 17. Rad1 Rd7 18. Rd3 Rad8 19. Rfd1 Qh5 20. Ne2 Bd6 21. Nf1 Qg6 22. Qc1 Ne4 23. h3 Nf6 24. f4 h5 25. Rg3 Qe4 26. Re3 Bxf4 27. Nxf4 Qxf4 28. Ng3 Rxd4 29. Rf1 Qg5 30. Nf5 Rf4 31. Ne7+ Kf8 32. Rfe1 Qc5 33. Kh1 Rfd4 0-1

[Event "WchT Seniors 50"]
[Site "Dresden"]
[Date "2018.07.13"]
[Round "7.1"]
[White "Wallner, Joachim"]
[Black "Graf, Alexander"]
[Result "0-1"]
[WhiteElo "2311"]
[BlackElo "2561"]
[PlyCount "62"]
[EventDate "2018.07.07"]
[EventType "team-swiss"]
[EventRounds "9"]
[EventCountry "GER"]
[SourceTitle "CBM 185 Extra"]
[Source "ChessBase"]
[SourceDate "2018.07.29"]
[SourceVersion "1"]
[SourceVersionDate "2018.07.29"]
[SourceQuality "1"]
[WhiteTeam "Austria"]
[BlackTeam "Lasker Schachstiftung"]
[WhiteTeamCountry "AUT"]
[BlackTeamCountry "GER"]

1. e4 e6 2. d4 d5 3. Nd2 c5 4. exd5 Qxd5 5. Ngf3 cxd4 6. Bc4 Qd6 7. 0-0 Nf6 8. Nb3 Nc6 9. Nbxd4 Nxd4 10. Qxd4 Bd7 11. Re1 Rc8 12. Bb3 Qxd4 13. Nxd4 Bc5 14. c3 Bxd4 15. cxd4 Bc6 16. Bg5 Nd5 17. Bxd5 Bxd5 18. Rac1 Kd7 19. b3 a5 20. Bd2 Rxc1 21. Rxc1 Ra8 22. Rc2 a4 23. b4 a3 24. Be1 Bb3 25. Re2 Kc6 26. Bc3 Bd5 27. Rc2 Kb5 28. Bd2 Ka4 29. f3 Bxa2 30. Rxa2 Kb3 31. Ra1 Kb2 0-1

[Event "WchT Seniors 50"]
[Site "Dresden"]
[Date "2018.07.08"]
[Round "2.7"]
[White "Wilke, Werner"]
[Black "Wallner, Joachim"]
[Result "0-1"]
[WhiteElo "2282"]
[BlackElo "2311"]
[PlyCount "70"]
[EventDate "2018.07.07"]
[EventType "team-swiss"]
[EventRounds "9"]
[EventCountry "GER"]
[SourceTitle "CBM 185 Extra"]
[Source "ChessBase"]
[SourceDate "2018.07.29"]
[SourceVersion "1"]
[SourceVersionDate "2018.07.29"]
[SourceQuality "1"]
[WhiteTeam "Niederoesterreich"]
[BlackTeam "Austria"]
[WhiteTeamCountry "AUT"]
[BlackTeamCountry "AUT"]

1. d4 d5 2. Bf4 Nf6 3. e3 Bf5 4. c4 c6 5. Qb3 Qb6 6. c5 Qxb3 7. axb3 Nbd7 8. b4 Bxb1 9. Rxb1 Nh5 10. Nf3 Nxf4 11. exf4 a6 12. Bd3 g6 13. Kd2 Bg7 14. Kc3 0-0 15. Rhe1 e6 16. Ne5 Nxe5 17. fxe5 f6 18. f4 fxe5 19. fxe5 Rf2 20. Re2 Raf8 21. Rbe1 R2f4 22. Rc2 Bh6 23. b3 Kg7 24. Ra2 Bg5 25. g3 Rf3 26. Rg2 Be3 27. Ree2 g5 28. Rc2 Bf2 29. Rc1 h5 30. Rd1 Kh6 31. Kc2 Bxd4 32. Bxa6 Rc3+ 33. Kb1 Rxb3+ 34. Ka2 Rxb4 35. Ka3 Bxc5 0-1